[Event "GER-ch U25-C"]
[Site "Willingen"]
[Date "2023.06.01"]
[Round "7"]
[White "Schilay, Vinzenz"]
[Black "Kraus, Joshua"]
[Result "1-0"]
[WhiteElo "1052"]
[BlackElo "836"]
[PlyCount "59"]
[EventDate "2023.05.27"]
[EventType "swiss"]
[EventRounds "9"]
[EventCountry "GER"]
[SourceTitle "CBM 214 Extra"]
[Source "ChessBase"]
[SourceDate "2023.07.31"]
[SourceVersion "1"]
[SourceVersionDate "2023.07.31"]
[SourceQuality "1"]

1. e4 e5 2. Nf3 Nc6 3. Nc3 Nf6 4. Be2 d5 5. exd5 Nxd5 6. d3 Be6 7. 0-0 Qd7 8. Ne4 0-0-0 9. a3 h6 10. c4 Nde7 11. b4 Nd4 12. Nxe5 Nxe2+ 13. Qxe2 Qe8 14. Qe3 b6 15. a4 Nc6 16. Nxc6 Qxc6 17. Bd2 Bd6 18. a5 Rhe8 19. axb6 cxb6 20. Rxa7 Bc7 21. Rfa1 Kb8 22. b5 Qb7 23. Rxb7+ Kxb7 24. c5 Ra8 25. Nd6+ Bxd6 26. Qe4+ Kc7 27. cxd6+ Kxd6 28. Rxa8 Re7 29. Bb4+ Kd7 30. Qc6# 1-0

[Event "GER-ch U25-C"]
[Site "Willingen"]
[Date "2023.05.30"]
[Round "4"]
[White "Ruddat, Merja"]
[Black "Kraus, Joshua"]
[Result "1-0"]
[WhiteElo "934"]
[BlackElo "836"]
[PlyCount "143"]
[EventDate "2023.05.27"]
[EventType "swiss"]
[EventRounds "9"]
[EventCountry "GER"]
[SourceTitle "CBM 214 Extra"]
[Source "ChessBase"]
[SourceDate "2023.07.31"]
[SourceVersion "1"]
[SourceVersionDate "2023.07.31"]
[SourceQuality "1"]

1. e4 e5 2. Nf3 Nc6 3. Bc4 Bc5 4. c3 Nf6 5. d4 exd4 6. 0-0 0-0 7. cxd4 Be7 8. d5 Nb4 9. e5 Ne4 10. a3 Na6 11. Re1 Ng5 12. d6 Nxf3+ 13. Qxf3 cxd6 14. Bf4 Nc5 15. exd6 Bf6 16. Ra2 Ne6 17. Nc3 Re8 18. Qe4 Kf8 19. Bd2 g6 20. Raa1 Ng5 21. Qxe8+ Qxe8 22. Rxe8+ Kxe8 23. Re1+ Kf8 24. Nd5 Bd8 25. Re5 Ne6 26. Nf4 Bf6 27. Re3 Bg5 28. Rf3 f6 29. Nxe6+ dxe6 30. Bxg5 Bd7 31. Rxf6+ Kg7 32. Bxe6 Bxe6 33. Rxe6 h6 34. Bf6+ Kf7 35. Re7+ Kxf6 36. Rxb7 Rd8 37. Rxa7 Rxd6 38. g3 Rd3 39. b4 h5 40. a4 Ke6 41. b5 Rb3 42. Kg2 Kd6 43. Kh3 Rb4 44. Rg7 Rxa4 45. Rxg6+ Kc5 46. Rg5+ Kb6 47. Rxh5 Rb4 48. f4 Kc7 49. Re5 Kd6 50. Kg4 Rb2 51. h4 Rb3 52. h5 Ra3 53. h6 Ra8 54. b6 Rb8 55. h7 Rh8 56. b7 Kc7 57. Re7+ Kb8 58. Rg7 Ka7 59. Re7 Kb8 60. Kg5 Ka7 61. Rg7 Kb6 62. Kg6 Ka7 63. Rg8 Rxg8+ 64. hxg8Q Kxb7 65. f5 Kc6 66. f6 Kd7 67. f7 Ke7 68. f8R Kd6 69. Rf5 Ke7 70. Rf6 Kd7 71. Qg7+ Ke8 72. Rf8# 1-0